000 00777nam a2200265 i 4500
001 bg
100 _aLambert, Valerie.
245 _aEveryday technical English /
_cValerie Lambert and Elaine Murray.
250 _a4th impr.
260 _aHarlow :
_bPearson Education :
_bLongman,
_c2005.
300 _a96 s. :
_brys. ;
_c25 cm +
_eCD ROM.
490 1 _aEnglish for Work
504 _aIndeksy.
650 9 _aJęzyk angielski
_xćwiczenia i zadania
650 9 _aTechnika
_xsłownictwo
830 _aEnglish for Work
020 _a0582539633
040 _cBPK
041 0 _aeng
044 _aGBR
080 _a811.111(076):62
942 _cKS
008 s pl f |000 0 pol
999 _c54344
_d54344
856 _uhttp://koha.tu.koszalin.pl/cgi-bin/koha/opac-detail.pl?biblionumber=54344
_yKatalog online BPK